[Event "RUS-Cup03 Geller Memorial"]
[Site "Moscow"]
[Date "1999.02.08"]
[Round "7"]
[White "Kosarev, Andrei M"]
[Black "Dragomarezkij, Evgeni"]
[Result "1/2-1/2"]
[WhiteElo "2345"]
[BlackElo "2485"]
[Annotator "Wells,P"]
[PlyCount "78"]
[EventDate "1999.02.10"]
[EventType "swiss"]
[EventRounds "9"]
[EventCountry "RUS"]
[SourceTitle "CBM 070"]
[Source "ChessBase"]
[SourceDate "1999.06.08"]
[SourceVersion "1"]
[SourceVersionDate "1999.06.08"]
[SourceQuality "1"]

1. d4 Nf6 2. c4 e6 3. Nc3 Bb4 4. e3 {It is interesting that the alternative
move order} (4. Nf3 b6 5. e3 (5. Bg5 $5) (5. Qb3 $5) 5... Ne4 $5 (5... Bb7 6.
Bd3 Ne4 7. O-O $5) 6. Qc2 Bb7 7. Bd3 {leads to the game position, but is
widely criticised for precisely that reason! In this sequence black's 5...Ne4
is definitely regarded as the most precise. OK, this could be simply because
it cuts down white's options by virtually forcing 6 Qc2, but the clear
implication is that given the choice white should prefer the sharper 7 0-0.})
4... b6 5. Bd3 Bb7 6. Nf3 Ne4 7. Qc2 {As discussed above, modern theory tends
to prefer the 'pseudo-sacrificial'} (7. O-O $5 Bxc3 (7... f5 8. Ne2 (8. d5) (8.
Ne5 $5 O-O (8... Nf6 $5) 9. Nxe4 fxe4 10. Be2 $5 Be7 (10... d6 {[%csl Rb4]} 11.
Ng4 c5 12. a3 Ba5 13. f4 $14) 11. f4 exf3 (11... d6 $5 12. Ng4 Nd7 13. Qc2 d5
14. b3) 12. Bxf3 Bxf3 13. Nxf3 d5 14. Qe2 $14 {1-0 Lugovoi,A-Akesson,R/4th
Gudmundur Arason, Hafnarfjordur ISL 1998 (34)}) (8. Bxe4 fxe4 9. Nd2 Bxc3 10.
bxc3 (10. bxc3 O-O 11. Qg4 Rf5 12. d5 Rg5 13. Qf4 exd5 14. cxd5 Bxd5 15. c4 Bc6
16. Nxe4 Rg6 17. Bb2 Na6 $11 {0-1 Gligoric,S-Larsen,B/Havana 1967/MCD (27)})) (
8. Qc2 Bxc3 9. bxc3 O-O {leads to the game.}) (8. d5 {[%csl Rb7][%cal Rb7d5,
Gb8a6,Ga6c5,Yf3d4] The sharpest, most principled and also the riskiest move.
White massively ups the stakes, gaining c4 for his knight, blocking the b7
bishop, but also utterly ceding the important c5 square...} Bxc3 (8... Nxc3 9.
bxc3 Bxc3 10. Rb1 O-O 11. e4 Bf6 12. Re1 Na6 13. exf5 exd5 14. cxd5 Nc5 15. Bc2
Re8 16. Re3 Rxe3 17. Bxe3 Qe7 18. Bxc5 Qxc5 19. Bb3 Kh8 $13 20. Qd3 Re8 21. g4
$1 b5 22. g5 Qc3 23. Qd1 Bd8 24. Rc1 Qb4 25. Qd4 Qd6 26. Rd1 {1-0 Atalik,
S-Grosar,A/Bled 1999 (36)}) 9. bxc3 {[%csl Rc4] ...and further weakening his
c-pawns.} Nc5 (9... Na6 $5) 10. Ba3 Nba6 11. Re1 Qf6 12. Qc2 g6 13. e4 fxe4 14.
Bxe4 O-O-O 15. Nd2 Rde8 16. Rad1 {1/2-1/2 Sadler,M-Ward,C/Hastings 1997/CBM 63
(39)} Rhf8 $5 17. Bf3 d6 $13) 8... Be7 $5 (8... Bd6 9. b3 Qf6 10. Bb2 Nc6 11.
Ng3 Bxg3 12. fxg3 Ne7 13. Qc2 Qh6 14. Rae1 O-O 15. Bc1 d6 16. Nd2 Qg6 17. Rf4
$1 {An instructive moment. White encourages black to play e6-e5 so that he
will have a target for his 'uncontested' bishop.} e5 18. Rff1 c5 19. dxe5 dxe5
20. Bb2 Nxd2 21. Qxd2 Rad8 22. Qc3 Nc6 23. Be2 f4 $6 (23... Rd7 $5 $13) 24.
exf4 Nd4 25. Bd3 e4 26. Bb1 Rfe8 27. f5 $1 Qg5 28. Qe3 {[%csl Re4]} Qh5 29. f6
gxf6 30. Rxf6 Nf3+ 31. gxf3 exf3 32. Re6 Rf8 33. Bf6 Rd4 34. Re5 {1-0 Neverov,
V-Ward,C/Copenhagen op 1994/EXT 94op (34)}) 9. b3 O-O 10. Bb2 Bf6 11. Nd2 Nd6
12. Qc2 c5 13. e4 fxe4 14. Nxe4 Nxe4 15. Bxe4 Bxe4 16. Qxe4 Nc6 17. Rad1 Qc7
18. Rd2 cxd4 19. Nxd4 Bxd4 20. Bxd4 Rf4 21. Qe3 Nxd4 22. Rxd4 Rxd4 23. Qxd4 Rf8
24. Rd1 Rf7 $11 {1/2-1/2 Ibragimov,I-Hjartarson,J/Las Vegas 1997/CBM 58 ext 
(33)}) 8. bxc3 O-O (8... f5) 9. Ne1 f5 10. f3 Nf6 (10... Nd6 11. Ba3 $14) (
10... Ng5 11. Qe2 d6 12. e4 (12. Nc2 $5) 12... g6 13. Nc2 Nf7 14. exf5 exf5 {
Lukacs - Cao, Budapest 1997.}) 11. Nc2 $5 (11. Qe2 d6 $1 12. e4 fxe4 13. fxe4
e5 14. g4 Nc6 15. g5 Nd7 16. Nf3 Qe7 17. Bd2 Na5 18. Be1 g6 19. Bg3 c5 20. d5
Ba6 $11 {1/2-1/2 Lugovoi,A-Horvath,A/Budapest 1997/CBM 62 ext (25)}) 11... c5 {
The advantage of putting the knight on c2 first is that the simple and
otherwise best plan of ...d6, ...Nd7 etc is hindered.} (11... d6 12. d5 $1 {
[%csl Ye6][%cal Yc2d4,Yd4e6]}) (11... c5 12. Qe2 d6 13. e4 fxe4 14. fxe4 Nbd7
15. Bg5 Qc7 16. Kh1 cxd4 17. cxd4 e5 18. d5 (18. dxe5 $5 dxe5 (18... Nxe5 19.
Bxf6 gxf6 20. Ne3 $14 {[%csl Yd5,Yf5]}) 19. Nb4 h6 20. Bxf6 Nxf6 21. Nd5 $14 {
Wells}) 18... Rf7 19. Ne3 Raf8 20. Nf5 Nc5 21. Rf3 Nxd3 22. Qxd3 Bc8 23. Raf1
Bxf5 24. Rxf5 Nd7 25. Rxf7 Rxf7 26. Rxf7 Kxf7 27. Qf3+ Kg8 28. Qf5 Nc5 29. Be3
Qd7 30. Bxc5 Qxf5 31. exf5 bxc5 32. g4 Kf7 {1/2-1/2 Gulko,B-Vyzhmanavin,A/
Moscow 1984 (32)})) 7... Bxc3+ (7... f5 8. O-O Bxc3 {is the more common move
order, but comes to the same thing.}) 8. bxc3 f5 9. O-O O-O 10. Nd2 (10. Ne1 {
is the alternative. In principle it seems desirable for white to keep more
pieces on the board - endgames clearly have their structural attractions for
black - but e1 is not the best square, particularly when the queen is blocking
c2.}) 10... Qh4 11. f3 Ng5 {[%cal Gf8f6,Gf6h6] An ambitious line, where black
frequently attacks very directly on the h-file. The problem is that the knight
is strangely placed, and since black's plan is so commital, there is no longer
any guarantee that some simplification ( for example an exchange of queens )
will be in his favour.} (11... Nxd2 12. Bxd2 Nc6 13. Rab1 (13. e4 fxe4 14. fxe4
e5 (14... e5 15. d5 Ne7 (15... Na5 16. c5 $1) 16. c5 Ng6 17. cxb6 axb6 18. c4
d6 19. a4 Qg4 20. a5 Nh4 21. Bc3 Rxf1+ 22. Rxf1 bxa5 23. Qf2 Ng6 24. Bxa5 Nf4
25. Kh1 h6 {0-1 Maurer,F-Donaldson,J/Liechtenstein 1994/EXT 97 (25)})) 13... d6
14. e4 fxe4 15. Bxe4 Na5 16. Bxb7 Nxb7 17. Rbe1 Rae8 18. Qa4 Na5 19. f4 Qh5 20.
Rf3 e5 $132 {1/2-1/2 Sokolov,I-Hansen,C/Novi Sad 1990/TD (41)}) 12. Nb3 (12. e4
$6 fxe4 13. Nxe4 Nxe4 14. Bxe4 Bxe4 15. Qxe4 Qxe4 16. fxe4 Nc6 {[%csl Rc4,Re4]
[%cal Yc6a5,Ya5c4]} 17. Rb1 e5 $1 18. Be3 Rfe8 $1 19. d5 {Obviously
undesirable, but white has no way to defend e4.} Na5 20. c5 Nc4 {[%csl Gc4]
This is Nimzovich's concept in almost its purest form.} 21. Kf2 bxc5 22. Ke2
Nd6 23. Kd3 c4+ 24. Kc2 Nxe4 $17 {0-1 Eckert,D-Miles,A/Las Vegas 1997/EXP 58 
(33)}) (12. d5 $5) (12. Qd1 $5 Rf6 13. Qe1 {Is very interesting. White has the
same defensive idea as in the game, but by keeping the knight on d2 he is in
addition ready to challenge black's king-side aspirations by striking in the
centre.} Qh5 14. e4 $1 Nc6 15. Nb3 (15. c5 $5) 15... fxe4 16. Bxg5 Qxg5 17.
Bxe4 Re8 18. c5 Ba6 19. Rf2 Ne7 20. g3 Nd5 21. Kh1 $14 Rh6 {1-0 Inkiov,
V-Guedon,S/Open, Bourbon-Lancy FRA 1998 (38)}) 12... Rf6 13. Qf2 Qh5 $1 (13...
Qxf2+ $6 14. Rxf2 Rg6 15. Kh1 Nc6 (15... d6 16. d5 {[%csl Rf5][%cal Gb3d4]})
16. e4 {black's forces make a disorganised impression.}) 14. h4 Nf7 (14... Rh6
15. e4 fxe4 16. Bxg5 $14) 15. c5 d6 16. cxd6 cxd6 17. a4 {[%csl Rb6][%cal
Ya4a5]} g5 $1 {Black's treatment has transformed the nature of the play. His
chances are now primarily tactical whereas white, with definite play on the
queenside holds many positional trumps.} 18. a5 gxh4 19. axb6 h3 20. g3 Ng5 21.
Be2 axb6 22. Rxa8 Bxa8 23. Nd2 Nd7 24. Kh2 {[%cal Gf3f4]} (24. f4 $4 h2+ 25.
Qxh2 Nh3+ $19) 24... Qe8 25. Nc4 e5 26. Ba3 (26. e4 $5 Qg6 27. dxe5 dxe5 28.
Rd1 $132 {[%cal Gd1d8]}) 26... e4 $5 {[%mdl 512]} (26... Qg6 $13) 27. Nxd6 Rxd6
28. Bxd6 exf3 29. Bc4+ Kg7 30. Qa2 (30. Bb5 $5) 30... Kg6 {[%cal Gd7f6,Gf6g4]}
(30... Nf6 31. Be5) 31. Bb5 $1 Bb7 32. Bxd7 (32. Bf4 $5 h6 33. Qa4 (33. Bxg5
hxg5 34. Bxd7 {is the game.}) 33... Qe4 34. Bxd7 $2 (34. d5 $1 Nf6 35. Bxg5
hxg5 36. Qxe4 Nxe4 37. Rxf3 Bxd5 38. Bd7 $14) 34... f2 $19) 32... Qxd7 33. Qg8+
Kh5 34. Bf4 h6 35. Bxg5 (35. c4 $5 {[%cal Gc4d5,Gd4d5]} Qa4 36. Rf2) 35... hxg5
36. Qh8+ (36. Rb1 b5 37. Rxb5 f2 38. Qh8+ Kg6 39. Rb6+ Bc6 40. Qxh3 $6 g4 $132)
36... Kg6 37. Qg8+ Kh5 38. Qh8+ Kg6 39. Qg8+ Kh5 1/2-1/2

[Event "FIDE-Wch k.o."]
[Site "Las Vegas"]
[Date "1999.08.06"]
[Round "3.1"]
[White "Leitao, Rafael Duailibe"]
[Black "Nisipeanu, Liviu Dieter"]
[Result "1/2-1/2"]
[WhiteElo "2574"]
[BlackElo "2584"]
[Annotator "Wells,P"]
[PlyCount "46"]
[EventDate "1999.07.31"]
[EventType "k.o."]
[EventRounds "7"]
[EventCountry "USA"]
[SourceTitle "CBM 072"]
[Source "ChessBase"]
[SourceDate "1999.10.01"]
[SourceVersion "1"]
[SourceVersionDate "1999.10.01"]
[SourceQuality "1"]

1. d4 Nf6 2. c4 e6 3. Nf3 b6 4. e3 Bb7 5. Bd3 Bb4+ 6. Nc3 O-O 7. O-O c5 8. Na4
cxd4 9. a3 {This zwischenzug has been at different times praised for forcing
black to commit his bishop before he can free the 'ideal' f8 square for it,
and criticised as a loss of tempo since the bishop will shortly be on its way
in any case. Could it be that in putting under the microscope such small
subtleties relating to the absolutely optimal way to play the 'hedgehog'
positions which have so often arisen here, the bigger picture has been lost?
Black's play here looks impressive enough that it may be this plan which
ultimately adjudicates against 9 a3.} (9. exd4 Re8 $5 {[%cal Yb4f8] may well
be confirmed as the 'main line'.} (9... Bxf3 $6 {is much weaker than in
Korchnoi/Nisipeanu's version.} 10. Qxf3 Nc6 11. Be3 d5 ({The problem being
simply that after} 11... e5 12. d5 $16 {...e4 has much less force} e4 13. Bxe4
Ne5 14. Qf5 $1 Nxc4 $6 15. Bg5 $16) (11... Re8 12. a3 Bf8 13. Nc3 $1 {[%csl
Ye4][%cal Ge6e5,Yd4d5]}) 12. Rfd1 dxc4 13. Bxc4 Rc8 14. a3 Bd6 15. Nc3 $14 {
White will always find more than sufficient compensation for his isolated
d-pawn since black badly misses his light-squared bishop to defend his
queenside holes. In the game this problem plays a rather direct role.} Bb8 $6
16. Ba6 $16 Qd6 17. Bxc8 Qxh2+ 18. Kf1 Rxc8 19. Rac1 Qd6 20. d5 Ne5 21. Ne4 $1
Rxc1 22. Nxd6 Nxf3 23. Rxc1 Bxd6 24. Rc8+ Bf8 25. dxe6 $1 fxe6 26. gxf3 Nd5 27.
Ra8 {1-0 Kortschnoj,V-Ljubojevic,L/Amsterdam 1972/MCL (27)}) (9... Qc7 $5 10.
Bg5 $5 (10. a3 Be7 $14) 10... Ng4 11. d5 b5 12. h3 Ne5 (12... bxc4 $5 13. Be4
$5 (13. Qc2 Ne5 14. Bxh7+ Kh8 $132) 13... f6 (13... f5 14. d6 $16) (13... exd5
14. Bxd5 $16 {[%csl Rg4]}) 14. hxg4 fxg5 15. d6 $13) 13. cxb5 Bxd5 14. Rc1
Nxf3+ 15. Qxf3 Qa5 16. Qh5 f5 17. Nc3 Bb7 18. a3 Bd6 19. Rfd1 Be5 20. Re1 $14 {
[%csl Rb8] 1/2-1/2 Babula,V-Timman,J/Bundesliga 1998 (43)})) 9... Bd6 $5 {
[%mdl 4] This Korchnoi/Nisipeanu solution looks very appealing and it is hard
to understand why there are no more examples, when we can point to two similar,
and pretty clearly inferior versions of black's idea which have found
adherents.} (9... Be7 10. exd4 Bxf3 $5 (10... d6 {is the main line, setting up
the customary 'hedgehog' .}) (10... d5 $6 11. c5 bxc5 12. Nxc5 $14) (10... Qc7
{is an alternative way to avoid the 'pure' hedgehog set-up.} 11. b4 $5 (11. Nc3
d5 $5) 11... a5 (11... Ng4 12. g3 f5 13. Nc3 $14) 12. b5 d6 13. Re1 Re8 14. Bf4
$5 {[%csl Yf4][%cal Ge6e5,Yd4e5,Yf4e5,Yf4d6]} Nbd7 15. Rc1 {[%cal Yc4c5,Ya4c5,
Yf4c7]} Qd8 16. Nd2 Rc8 17. Nb3 Bf8 18. h3 e5 19. Bg5 g6 20. Bf1 $14 {1-0
Ibragimov,I-Wells,P/Ubeda op 1996/EXP 51 (51)}) 11. Qxf3 Nc6 12. Be3 e5 13. d5
e4 14. Bxe4 Ne5 15. Qf4 (15. Qf5 Nxc4) 15... Bd6 {the proof - if any were
needed - that the bishop stands well on d6!} 16. c5 Ng6 17. Qf3 Nh4 18. Qh3
Nxe4 19. cxd6 Ng6 20. Nc3 Nxd6 21. Rae1 Re8 22. Bc1 Rc8 23. Qg3 Rxe1 24. Rxe1
Qf8 {and there is nothing much wrong with black's position since his knights
control a reasonable spread of squares. 1/2-1/2 Speelman,J-Ivanchuk,V/
Roquebrune 1992/CBM 28 (75)}) 10. exd4 Bxf3 $1 11. Qxf3 Nc6 {[%csl Ra4,Rd4]}
12. Rd1 (12. Be3 e5 $1 13. c5 $5 {Is virtually the only idea I can come up
with which might aspire to 'exploit' the position of black's bishop.} (13. d5
$6 e4 $1 {[%cal Yc6e5]} 14. Bxe4 Ne5 15. Qf4 {[%csl Rf4] leads to Speelman -
Ivanchuk, only with black to move! Unsurprisingly the awkward position of
white's queen becomes a serious embarrassment in this case, eg.} Qc7 $5 (15...
Rc8 $5) 16. b3 Neg4 17. Qf5 Bxh2+ 18. Kh1 Rae8 $17) 13... exd4 (13... bxc5 $6 {
is inconsistent.} 14. dxc5 Bc7 15. Nc3 $14) 14. cxd6 dxe3 (14... Ne5 $2 15. Qf5
Nxd3 16. Bxd4 $18) 15. Qxe3 Re8 16. Qg3 Ne5 17. Bf5) (12. Bg5 Nxd4 13. Qh3 h6
14. Bxh6 gxh6 15. Qxh6 Re8 $17 {cannot be sound.}) 12... Nxd4 13. Bxh7+ Nxh7
14. Rxd4 Be5 15. Re4 Ng5 $5 {An interesting approach. Not only does Nisipeanu
eschew the move ...d6 here, he seems determined to avoid it in general terms.}
({However,} 15... d6 {The move played in the first outing for 9...Bd6 looks OK
too:} 16. Qh3 Ng5 17. Bxg5 Qxg5 18. Rd1 Rac8 19. Rh4 f5 20. g3 Qf6 21. Rh8+ Kf7
22. Qh5+ Ke7 23. Rxf8 Rxf8 24. Qf3 Rd8 $15 {[%csl Ye5][%cal Gd8d7]} 25. b4 f4 {
A bid for king-side play perhaps, but also solidifying the bishop's outpost on
e5.} 26. g4 Qg6 27. Rd3 Qe8 28. Nc3 Rc8 29. Ne4 Qc6 30. Nd2 Qxf3 31. Rxf3 a6
32. a4 b5 33. axb5 axb5 34. cxb5 Rb8 35. Rb3 Rxb5 36. Nc4 Bf6 $17 {[%csl Gd6,
Gf6][%cal Gd6d1] 0-1 Lukacs,P-Kortschnoj,V/AUT-chT9596 1996/CBM 52 ext (48)})
16. Bxg5 Qxg5 17. Rd1 Rad8 (17... d6 18. g3 $5 {[%cal Yf3d3,Yf2f4]}) 18. Nc3
Qf6 19. Qh5 Bxc3 20. Rh4 Qh6 $8 21. Qxh6 gxh6 22. bxc3 Kg7 23. Rhd4 Kf6 (23...
Kf6 24. Rxd7 Rxd7 25. Rxd7 Rc8 {[%csl Ra3,Rc3,Rc4][%cal Yc8c4,Yc8c5,Yc5a5,
Ya5a3,Ya3c3] is not better for white. All his queenside pawns are horrible,
and it is impossible, even were it desirable to passively defend them all. An
efficient display from the talented young Rumanian who really showed his class
in a great performance in Las Vegas.}) 1/2-1/2

[Event "Sonsbeek SNS"]
[Site "Arnhem"]
[Date "1999.05.02"]
[Round "1"]
[White "Sadler, Matthew D"]
[Black "Kortschnoj, Viktor Lvovich"]
[Result "1-0"]
[WhiteElo "2667"]
[BlackElo "2673"]
[Annotator "Wells,P"]
[PlyCount "63"]
[EventDate "1999.05.??"]
[EventType "tourn"]
[EventRounds "6"]
[EventCountry "NED"]
[EventCategory "14"]
[SourceTitle "CBM 071"]
[Source "ChessBase"]
[SourceDate "1999.08.01"]
[SourceVersion "1"]
[SourceVersionDate "1999.08.01"]
[SourceQuality "1"]

1. d4 Nf6 2. c4 e6 3. Nc3 Bb4 4. e3 b6 5. Bd3 Bb7 6. Nf3 O-O 7. O-O c5 8. Na4
cxd4 9. exd4 (9. a3 $5 Be7 10. exd4) 9... Be7 (9... Re8 $5 {[%cal Gb4f8]}) 10.
Re1 Re8 11. a3 d6 12. b4 Nbd7 13. Bb2 Bf8 14. Bf1 ({White has also tried to
re-centralise his knight immediately with} 14. Nc3 {the most direct attempt to
'refute' which led to a lesson which has remained quite vivid for some years:}
a5 $6 (14... a6 $5 {is a more thematic 'hedgehog' move. Korchnoi has
previously tried}) 15. Rb1 axb4 16. axb4 e5 17. d5 b5 $5 18. Nd2 $1 {[%csl Ra5]
A rude awakening. Far from white's centre collapsing, his knight is able to
embark on an instructive manouevre.} (18. cxb5 Nb6 $132 {[%csl Rd5]}) (18. Nxb5
$6 e4 {the analysis often used to stop here in the 'pre-Fritz' era!} 19. Ng5 $1
exd3 20. Rxe8 Qxe8 (20... Nxe8 $2 21. Qh5 $40) 21. Bxf6 $1 (21. Nc7 Qc8 22.
Nxa8 Qxc4 $15) 21... gxf6 $1 (21... Nxf6 22. Nc7 Qe5 23. Nf3 $14 Qc3 $6 24.
Nxa8 Bxa8 25. Qb3 $16 {[%csl Ra8,Rf8] The rook and pawns will dominate black's
poor minor pieces in the ending.}) 22. Nxh7 Kxh7 23. Qxd3+ Kg8 24. Nc7 Qe7 25.
Nxa8 Bxa8 {with a very unusual material balance R+3 v.BBN, which should of
course normally favour the pieces. Here however, white has some 'muddying'
positional compensation too.}) 18... bxc4 19. Nxc4 Nb6 20. Na5 $5 ({The more
conservative} 20. Ne3 $5 $14 {merited consideration since black is lacking in
space. Although a5 is clearly the more desirable square positionally, the
tactics on which black is now able to embark should not have had such a
clearly negative outcome!}) 20... Bxd5 21. Bb5 Re6 22. Nxd5 Nfxd5 23. Bc6 Nf4
$2 (23... Nxb4 24. Bxa8 Qxa8 25. Bc3 {A.Martin} Rg6 $5 26. g3 N4d5 27. Bd2 $14)
24. g3 Rg6 25. Bc1 $1 (25. Bxa8 $6 Qxa8 26. f3 Nbd5 $132) 25... Rc8 26. Be4
Nh3+ (26... Rg5 27. h4 $18) 27. Kg2 {and white wins sufficient material to
decide. A.Martin - P.Wells, British (ch)}) 14... g6 $6 (14... Rc8 15. Nc3 Qc7
16. Nd2 Qb8 17. Qb3 $6 (17. Nb3 d5 18. c5 e5 $13) 17... d5 18. Rad1 Qf4 19. c5
e5 20. Ne2 Qh6 21. cxb6 axb6 22. dxe5 Nxe5 23. Bxe5 Rxe5 24. Nf3 Ree8 25. Ned4
Ne4 {[%csl Rc3][%cal Yc8c3,Ye4c3]} 26. Qb2 Qf6 27. Bb5 Red8 28. Re3 g5 $1 {
[%cal Gg7b2,Yg5g4]} 29. Rb3 Bg7 30. Rbd3 Rc7 31. a4 Rdc8 32. h3 h5 33. Ne1 g4
34. hxg4 hxg4 35. f3 Nc3 36. fxg4 Nxd1 37. Rxd1 Rc1 $1 {[%csl Rd4] 0-1
Wirthensohn,H-Spassky,B/Zuerich 1984/MCD (37)}) 15. Nc3 Bg7 16. Rb1 $1 a6 17.
Nd2 $1 {[%csl Ra5][%cal Yd2b3,Ya3a4,Ya4a5][%mdl 32]} d5 $6 {It would be only a
slight exagerration to say that the evaluation of this variation stands or
falls entirely around black's ability to play a successful ...d5 break. In the
Spassky game above, we saw just that. Here white's pieces are much better
placed to meet the challenge. The problem though is that white also has a plan,
and if black simply tries to slowly improve his pieces he risks getting
squashed eg} (17... Qc7) ({or perhaps better still the equally standard
'hedgehog manouevre'} 17... Rc8 {[%cal Yc8c7,Yd8a8] followed by ...Rc7 and ...
Qa8/b8.} 18. Nb3 $14 (18. a4 $5 d5 (18... Rc7 19. Nb3 Qa8 20. a5 $14) 19. c5 a5
(19... e5 $132)) 18... e5 19. d5 {[%csl Ra5,Rb7][%cal Gb6b5,Yb3a5]}) 18. c5
bxc5 (18... e5 {The alternative central break} 19. dxe5 Nxe5 20. Na4 Nfd7 21.
cxb6 Nxb6 22. Nc5 {[%csl Yc5] also leaves white with the better pieces.}) 19.
bxc5 Qc7 20. Na2 $1 {[%csl Yc5][%cal Ya2b4,Yc5c6]} Bc6 $6 {This also looks
wrong. OK the bishop on b7 is no great piece, but by securing its exchange on
b5 black creates a pawn weakness which is far easier to exploit.} (20... a5 $6
21. Nc3 {[%cal Gb5d6,Gc3b5]}) (20... Nh5 21. Nb4 a5 22. Nd3 Rab8 $14) 21. Nb4
Bb5 22. Bxb5 axb5 {[%csl Rb5] Black's pawn on b5 is desparately weak.
Meanwhile white's passed c-pawn has a bright future, and his bishop on b2,
while its role is passive, it is also vital, something which cannot be said of
its counterpart on g7.} 23. Qe2 Bh6 24. Rbd1 Reb8 25. Nb1 $1 {[%csl Rb5][%cal
Yb1c3]} Nh5 26. Nc3 Ra5 $6 (26... Nf4 27. Qf3 $16) 27. Ncxd5 $1 {The decisive
breakthrough in which all white's strong points - e-file, passed c-pawn,
opening of the long diagonal for his bishop and a superb knight on d5 are
emphasised. Black meanwhile succumbs to a rather embarrassing family fork.}
exd5 28. Nxd5 Qd8 (28... Qb7 $2 29. c6 $18) 29. Ne7+ Kf8 30. Nc6 Nf4 31. Qg4
Qc7 32. Nxa5 1-0